Statistics for 10 Largest Lakes in Turkey

Click here to take the quiz!

General Stats

  • This quiz has been taken 5 times
  • The average score is 7 of 10

Answer Stats

AnswerArea (km2)Location% Correct
Lake Beyşehir656 km2Konya, Isparta
100%
Lake Tuz1500 km2Aksaray, Ankara, Konya
100%
Lake Van3755 km2Van, Bitlis
100%
Lake Burdur200 km2Burdur, Isparta
60%
Lake Çıldır115 km2Ardahan, Kars
60%
Lake Eğirdir482 km2Isparta
60%
Lake İznik308 km2Bursa, Yalova
60%
Lake Manyas166 km2Balıkesir
60%
Lake Uluabat134 km2Bursa
60%
Acıgöl153 km2Denizli, Afyonkarahisar
40%

Score Distribution

Percentile by Number Answered

Percent of People with Each Score

Your Score History

You have not taken this quiz